000 00585nam a2200169 a 4500
001 000016264
005 20200929164337.0
008 100302s1975 dr a 000 0 spa d
040 _aDO-SdBNP
_bspa
_cBNPHU
082 _axxx
_bM593e
245 0 0 _aMetodología para evaluación de solicitudes de créditos agrícolas para cooperativas /
_cRamón Roedán Hernández.
260 _aSanto Domingo :
_bIDECOOP,
_c1975.
300 _a38 p. :
_bil. ;
_c22 cm.
700 1 _aRoedán Hernández, Ramón
_936326
710 2 _aInstituto de Desarrollo y Crédito Cooperativo
_936327
049 _aBNPD
999 _c15801
_d15801